| 000 | 00388nam a2200157Ia 4500 | ||
|---|---|---|---|
| 008 | 230711s9999||||xx |||||||||||||| ||und|| | ||
| 041 | _aENG | ||
| 082 |
_a621.381 _bBI-E |
||
| 100 | _aBishop,Owen | ||
| 245 | 0 | _aElectronics projects for home security | |
| 250 | _a1st | ||
| 260 |
_c1992 _aNew Delhi _bBPB Publications |
||
| 300 | _a141 | ||
| 650 | _aElectronics Engineering | ||
| 942 | _cBK | ||
| 999 |
_c1859 _d1859 |
||